Scritti vari di antichitá
Tallennettuna:
| Päätekijä: | |
|---|---|
| Aineistotyyppi: | Kirja |
| Kieli: | italia |
| Julkaistu: |
Padua
Trieste
1971
|
| Aiheet: | |
| Tagit: |
Lisää tagi
Ei tageja, Lisää ensimmäinen tagi!
|
MARC
| LEADER | 00000nam a2200000 a 4500 | ||
|---|---|---|---|
| 001 | UCP9379 | ||
| 003 | CL-VaPUC | ||
| 008 | 000324e19710000IT |||||||||||||||||ita|d | ||
| 082 | 0 | 4 | |a 411.7 |b DEG |2 21 |
| 100 | 0 | |a Degrassi, Attilio |e author |9 439910 | |
| 245 | 1 | 0 | |a Scritti vari di antichitá |
| 300 | |a v | ||
| 942 | |c BK | ||
| 945 | |d 20000324 00:00:00 |a rherrera | ||
| 260 | |a Padua |b Trieste |c 1971 | ||
| 650 | 7 | |a EPIGRAFIA |2 CL-VaPUC |9 340320 | |
| 650 | 7 | |a EPIGRAFIA LATINA |2 CL-VaPUC |9 439909 | |
| 650 | 7 | |a ROMA |2 CL-VaPUC |9 317375 | |
| 650 | 0 | |a Escritura |9 264941 | |
| 650 | 0 | |a Historia |9 255047 | |
| 650 | 0 | |a Escrituras antiguas |9 340321 | |
| 650 | 7 | |a ESCRITURA MANUSCRITA |2 CL-VaPUC |9 336432 | |
| 583 | |a last modification |c 20000324 00:00:00 |k Rodrigo Vera | ||
| 999 | |c 286195 |d 286193 | ||
| 952 | |0 0 |1 0 |4 0 |6 411_700000000000000_DEG_1971 |7 0 |8 A |9 331687 |a BIBHIS |b BIBHIS |d 2019-11-20 |h v.4 |i 1389122 |o 411.7 DEG 1971 |p 1389122 |r 2025-01-20 |w 2019-11-20 |y BK |k HIS | ||